000 00234nam a2200097Ia 4500
008 240625s9999 xx 000 0 und d
041 _aeng
100 _aCHADHA ROMA
245 _aTAKING THE CALL AN ASPIRANTS GUIDE TO CA
260 _c2004
999 _c33111
_d33111